000 00707nam a2200265Ia 4500
003 GCL
008 140319s9999 xx 000 0 eng d
020 _a9774242424
040 _aGCL /
_cGCL
082 0 4 _aCC
_b932.023
_bK C
100 1 _aKAMIL, JILL
245 1 0 _aCOPTIC EGYPT :
_bHISTORY AND GUIDE /
_cKAMIL, JILL
700 1 _aHASSAN IBRAHIM
250 _aFIFTH
260 _aالقاهرة :
_bTHE AMERICAN UNIVERSITY IN CAIRO PRESS ،
_c1999
300 _a149 P:
_bILL ؛
_c21 cm.
650 0 4 _aEGYPT
650 0 4 _aANCIENT EGYPT
650 0 4 _aCOPTIC
650 0 4 _aCHRISTIANITY
650 0 4 _aOLD CAIRO
650 0 4 _aCOPTIC ORTHODOX
650 0 4 _aEGYPT - CIVILIZATION
942 _2ddc
_cBK
999 _c11976
_d11976